000 00256nam a2200109Ia 4500
999 _c9927
_d9927
020 _a978-0138596873
100 _aJames C, Van Horne
245 0 _aFundamentals of Financial Management
260 _aIndia
_bPHI Learning
_c2004
300 _a455
942 _cBK